[Event "Madurai Athens of the East op-B 4th"]
[Site "Madurai"]
[Date "2024.12.24"]
[Round "2"]
[White "Gokul, Krishna Sajin Resmy"]
[Black "Chandra, Prakash Sankar"]
[Result "1-0"]
[WhiteElo "1995"]
[BlackElo "1702"]
[PlyCount "45"]
[EventDate "2024.12.24"]
[EventType "swiss"]
[EventRounds "10"]
[EventCountry "IND"]
[SourceTitle "CB02_2025"]
[SourceDate "2025.01.08"]
[SourceVersion "1"]
[SourceVersionDate "2025.01.08"]
[SourceQuality "1"]

1. e4 d6 2. d4 g6 3. Nc3 Bg7 4. Be3 Nf6 5. Qd2 0-0 6. 0-0-0 c6 7. f3 b5 8. g4 Qa5 9. Bh6 b4 10. Nb1 Nbd7 11. h4 e5 12. h5 Nb6 13. hxg6 fxg6 14. Bxg7 Kxg7 15. Qh6+ Kg8 16. g5 Nh5 17. Rxh5 gxh5 18. g6 hxg6 19. Qxg6+ Kh8 20. Rd2 Bg4 21. Bh3 exd4 22. Bxg4 Qe5 23. Qh6+ 1-0